[Event "Poznan op 28th"]
[Site "Poznan"]
[Date "2021.08.16"]
[Round "3"]
[White "Lakowski, Krzysztof"]
[Black "Krych, Dominik"]
[Result "0-1"]
[WhiteElo "1186"]
[BlackElo "1617"]
[PlyCount "62"]
[EventDate "2021.08.15"]
[EventType "swiss"]
[EventRounds "9"]
[EventCountry "POL"]
[SourceTitle "CBM 203 Extra"]
[Source "ChessBase"]
[SourceDate "2021.09.30"]
[SourceVersion "1"]
[SourceVersionDate "2021.09.30"]
[SourceQuality "1"]

1. e4 c5 2. Nf3 Nc6 3. d4 cxd4 4. Nxd4 Nf6 5. Nxc6 bxc6 6. Bd3 e5 7. a3 Be7 8. Bg5 0-0 9. Nd2 d5 10. 0-0 Bd7 11. h3 h6 12. Bh4 Nxe4 13. Bxe7 Qxe7 14. Nxe4 dxe4 15. Bxe4 f5 16. Bd3 e4 17. Bc4+ Kh8 18. Re1 f4 19. Be2 Rad8 20. Bg4 Bxg4 21. Qxg4 Rd2 22. Re2 Rxe2 23. Qxe2 f3 24. Qf1 e3 25. fxe3 fxg2 26. Qxg2 Qxe3+ 27. Kh1 Rf3 28. Qg4 Rg3 29. Qc8+ Kh7 30. Qf5+ Rg6 31. h4 Qg3 0-1